000 00298nam a22001337a 4500
020 _a978-81-7223-613-7
082 _a823
_bGHO/H
100 _aGHOSH, AMITAV
245 _aTHE HUNGRY TIDE
260 _aLONDON
_bHARPER COLLINS
_c2009
300 _a403
650 _aNOVEL
_zUNITED KINGDOM
942 _cBK
999 _c3039
_d3039